Loading...
| Science - Biology | 0 | 5 | 2 | 0 | 40 | 37 | 64.00 | 4 | 5 |
| Science - Other Science | 0 | 3 | 0 | 0 | 30 | 54 | 61.33 | 2 | 3 |
| Science - Chemistry | 0 | 3 | 1 | 0 | 25 | 87 | 90.67 | 3 | 3 |
| Science - Physics | 0 | 2 | 0 | 0 | 20 | 86 | 86.50 | 0 | 2 |
| Current Events | 0 | 2 | 0 | 0 | 20 | 56 | 57.50 | 1 | 2 |
| Fine Arts - Other Fine Arts | 0 | 2 | 0 | 0 | 20 | 94 | 104.00 | 1 | 2 |
| Mythology | 0 | 2 | 1 | 0 | 15 | 31 | 67.50 | 1 | 1 |
| Literature - World Literature | 0 | 1 | 0 | 0 | 10 | 78 | 78.00 | 0 | 1 |
| Fine Arts - Painting and Sculpture | 0 | 1 | 0 | 0 | 10 | 106 | 106.00 | 0 | 1 |
| History - Other History | 0 | 1 | 0 | 0 | 10 | 89 | 89.00 | 0 | 1 |
| History - World History | 0 | 2 | 2 | 1 | 10 | 41 | 86.50 | 0 | 1 |
| Religion | 0 | 1 | 0 | 0 | 10 | 70 | 70.00 | 0 | 1 |
| History - European History | 0 | 1 | 1 | 0 | 5 | 82 | 82.00 | 0 | 1 |
| History - American History | 0 | 0 | 1 | 0 | -5 | 0.00 | 0 | 0 | |
| Geography | 0 | 0 | 1 | 0 | -5 | 0.00 | 0 | 0 | |
| Social Science | 0 | 0 | 1 | 0 | -5 | 0.00 | 0 | 0 |